000
00300nam a22001337a 4500
008
170923b xxu||||| |||| 00| 0 eng d
020
_a
9781884585470
041
_a
eng
080
_a
37
100
_a
46
101
_a
EDU
245
_a
UNDERSTANDING RESEARCH METHODS
_c
PATTEN, M.L
942
_2
udc
_c
BK
999
_c
29387
_d
29387